Score 0/20 Timer 06:00
0 Plays Today
% Correct
The Da Vinci Code
94.9%
The Hobbit
94.4%
Charlotte's Web
94%
The Hunger Games
91.7%
Old Yeller
90.3%
The Great Gatsby
88.3%
The Firm
87.6%
The Wonderful Wizard of Oz
87.1%
Gone with the Wind
85.6%
Hamlet
84.9%
% Correct
The Crucible
84.4%
Little Women
83.9%
Harry Potter and the Deathly Hallows
82.5%
Jane Eyre
82.5%
The Secret Garden
82.5%
And Then There Were None
82.4%
Misery
78.3%
To Kill a Mockingbird
74.9%
The Color Purple
60.6%
A Separate Peace
55.2%
Remove Ads.
Support Sporcle.
Get the best of Sporcle when you Go Orange. This ad-free experience offers more features, more stats, and more fun while also helping to support Sporcle. Thank you for becoming a member.

You're not logged in!

Compare scores with friends on all Sporcle quizzes.
OR
Log In

Sporcle TV

Today on Sporcle TV


Watch our educational content, quiz creation guides, and fun videos on Sporcle TV.

Show Comments

Extras

Top Quizzes Today


Score Distribution

Paid Content

Your Account Isn't Verified!

In order to create a playlist on Sporcle, you need to verify the email address you used during registration. Go to your Sporcle Settings to finish the process.

Report this User

Report this user for behavior that violates our Community Guidelines.

Details: